000 00572cam a22002053a 4500
001 41620
003 PGUSA
005 20140828083935.0
008 121214s2012||||xxu|||||s|||||000 | eng d
040 _aPGUSA
_beng
042 _adc
100 1 _aHamilton, Walter,
_d1844-1899
245 1 0 _aFrench Book-plates
_h[electronic resource] /
_cWalter Hamilton
260 _bProject Gutenberg,
_c2012
506 _aPublic domain in the USA.
516 _aElectronic text
830 0 _aProject Gutenberg
_v41620
856 4 0 _uhttp://www.gutenberg.org/ebooks/41620
942 _cEB
999 _c270872
_d270872